Acridofagia y otros insectos [...] /
Tallennettuna:
| Päätekijä: | |
|---|---|
| Muut tekijät: | , |
| Aineistotyyppi: | Kirja |
| Kieli: | espanja |
| Julkaistu: |
México :
Trilce,
2015, c2015
|
| Aiheet: | |
| Tagit: |
Ei tageja, Lisää ensimmäinen tagi!
|
MARC
| LEADER | 00000nam^a2200000^a^4500 | ||
|---|---|---|---|
| 001 | 000400432 | ||
| 005 | 20250521000000.0 | ||
| 009 | 20260310121619.871 | ||
| 020 | |a 978-607-7663-98-0 | ||
| 037 | |a Acervo ITESO - Biblioteca | ||
| 041 | |a ESP | ||
| 082 | |a 641. 396 |b RAM | ||
| 100 | |a Ramos Elorduy de Conconi, Julieta |e (autor) | ||
| 245 | 1 | 0 | |a Acridofagia y otros insectos [...] / |c J. Ramos Elorduy de Conconi ; colaboración de J.M. Pino, A. Escalante ; pról. de Arnold Van Huis ; il. de Kitzia Sámano. |
| 264 | 4 | |a México : |b Trilce, |c 2015, c2015 | |
| 300 | |a 319 p. | ||
| 336 | |a texto |b txt |2 rdacontenido | ||
| 337 | |a sin mediación |b n |2 rdamedio | ||
| 338 | |a volumen |b nc |2 rdasoporte | ||
| 521 | |a FIL 2017 EEnlace Departamento del Hábitat y Desarrollo Urbano | ||
| 649 | |a XX | ||
| 650 | |a Insectos - |x Tema Principal | ||
| 650 | |a Hambre | ||
| 650 | |a Abasto de Alimentos - |x Tema Principal | ||
| 650 | |a Alimentos y Bebidas - |x Valor Nutritivo | ||
| 650 | |a Industria Alimenticia | ||
| 650 | |a Entomología | ||
| 650 | |a Ecología | ||
| 650 | |a Biología | ||
| 650 | |a Nutrición | ||
| 700 | |a Pino, José Manuel |e (colaboración) | ||
| 700 | |a Escalante, Alejandro |e (colaboración) | ||
| 910 | |a Fondo General | ||
| 920 | |a Impresos - Libros | ||
| 930 | |a Colección General | ||
| 905 | |a 101 | ||
| 901 | |a 0500295904 |b IT1 |c ACC |i c157364 |u 20250521 | ||
| 902 | |a https://opac.biblio.iteso.mx/vufind/Record/000400432 | ||